00861nam a22002417a 45000010005000000030006000050050017000110080041000280400029000690500009000980820012001071000019001192450065001382500035002032600046002383000048002845050007003325200170003395210029005095210019005386500032005577000030005895571FISKH20241218122125.0241218b cb ||||| |||| 00| 0 eng d aFISKHbengcFISKHdFISKH aPZ7  a598.52  aWatson, Sally  aThe ostrich / cby Sally Watson ; Illustrated by Don Burau  aThis edition published in 1992 aMundelein : bCareer Publishing, c1979.  a32 pages : bcolor illustrations ; c23 cm  aD  aTwo kids were discussing about Ostrich. Mark want to know about Ostrich keep asking Kathy questions. Later on both of them having fun with Ostrich by riding on him. 8 a380 bLexile estimate 8 aG bRaz-Plus  aOstrich vDiscoverxPlay  aBurau, Don eillustrator